| 000 | 01289cam a2200373 a 4500 | ||
|---|---|---|---|
| 001 | 3190 | ||
| 003 | FISKH | ||
| 005 | 20240216111835.0 | ||
| 008 | 010108s2001 nyu a c 000 1 eng | ||
| 010 | _a 2001086114 | ||
| 020 | _a0786815507 | ||
| 020 | _a725961003999 | ||
| 040 |
_aDLC _cDLC _dDLC _bេនង |
||
| 042 | _alcac | ||
| 050 | 0 | 0 |
_aPZ7.J7216 _bGh 2001 |
| 082 | 0 | 0 |
_a[Fic] _222 |
| 100 | 1 | _aJones, Marcia Thornton. | |
| 245 | 1 | 0 |
_aGhost dog / _cby Marcia Thornton Jones and Debbie Dadey ; illustrated by Amy Wummer. |
| 260 |
_aNew York : _bBarkley School, _c2001. |
||
| 300 |
_a71 pages : _billustrations ; _c20 cm |
||
| 490 | 1 |
_aBarkley's school for dogs ; _vBook 4 |
|
| 505 | _aO | ||
| 520 | _a"Boo! The dogs at Barkley's School are spooked! Toys and treats are disappearing from the schoolyard--and a ghost may be the reason! Is Woodrow right about the legend of the ghost dog?" | ||
| 521 | 8 |
_a620
_bLexile |
|
| 521 | 8 |
_aO
_bRaz-Plus |
|
| 650 | 1 |
_aDogs _vFiction. |
|
| 650 | 1 |
_aGhosts _vFiction. |
|
| 650 | 1 |
_aLost and found possessions _vFiction. |
|
| 650 | 1 |
_aDogs _xTraining _vFiction. |
|
| 700 | 1 |
_aDadey, Debbie. _eAuthor |
|
| 700 | 1 |
_aWummer, Amy, _eillustrator |
|
| 906 |
_a0 _bibc _corignew _d2 _eepcn _f20 _gy-gencatlg |
||
| 942 |
_2ddc _cBK _n0 |
||
| 999 |
_c3190 _d3190 |
||